Statistics for List of DBZ characters who can transform into Super Saiyan

Click here to take the quiz!

General Stats

  • This quiz has been taken 535 times
  • The average score is 7 of 10

Answer Stats

Hint Answer % Correct
1st shown SSJGoku
100%
3rdVegeta
99%
4thGohan
98%
8thTrunks
98%
7thGoten
94%
2ndFuture Trunks
57%
10thVegito
52%
9thGotenks
51%
5thCell
28%
6thCell.Jr
10%

Score Distribution

Percentile by Number Answered

Percent of People with Each Score

Your Score History

You have not taken this quiz